| 000 | 00326nam a2200133 i 4500 | ||
|---|---|---|---|
| 001 | bg | ||
| 100 | 1 | _aKAIPOV, D. K. | |
| 245 | 0 |
_aRezonansnoe rassejanie gamma-lučej na jadrach / _cD.K. Kaipov. |
|
| 260 |
_aAłma-Ata, _c1967. |
||
| 040 | _cBPK | ||
| 041 | _apol | ||
| 942 | _cKS | ||
| 008 | s pl f |000 0 pol | ||
| 999 |
_c12719 _d12719 |
||
| 856 |
_uhttp://koha.tu.koszalin.pl/cgi-bin/koha/opac-detail.pl?biblionumber=12719 _yKatalog online BPK |
||